[Event "Summer Chess Classic B 2018"]
[Site "Saint Louis"]
[Date "2018.05.16"]
[Round "2"]
[White "Saduakassova, Dinara"]
[Black "Ali Marandi, Cemil Can"]
[Result "1/2-1/2"]
[WhiteElo "2484"]
[BlackElo "2521"]
[Annotator "TA"]
[PlyCount "75"]
[EventDate "2018.??.??"]
[EventType "tourn"]
[EventCountry "USA"]
[SourceTitle "playchess.com"]
[Source "ChessBase"]
[SourceQuality "1"]

{[%evp 25,75,13,14,6,6,0,0,2,43,55,57,36,47,4,43,49,52,45,47,43,49,42,51,32,84,64,58,55,58,48,48,49,52,51,54,52,54,48,50,32,41,36,56,23,22,22,21,22,22,22,22,23]} 1. d4 d5 2. c4 c6 3. Nf3 Nf6 4. Nbd2 Bf5 5. Nh4 Bc8 6. e3 e6 7. Nhf3 Nbd7 8. b3 Bd6 9. Bb2 O-O 10. Bd3 {D30: Queen's Gambit Declined: Systems without Nc3} b6 11. O-O Bb7 12. Ne5 (12. Qe2 c5 13. Rad1 Ne4 14. cxd5 exd5 15. Ba6 Bxa6 16. Qxa6 Re8 17. dxc5 Ndxc5 18. Qe2 Rc8 19. Rc1 Bf8 20. Rfd1 Qe7 {½-½ (45) Radjabov,T (2710)-Ding,L (2773) Moscow 2017}) 12... c5 13. cxd5 Bxd5 {LiveBook: 14 Games} 14. Nxd7 Nxd7 15. dxc5 Nxc5 16. Qg4 $146 {[%csl Gb2][%cal Rg4g7] [#]} e5 (16... g6 $5 {[%cal Rc5d3]} 17. Be2 Qc7 $11) 17. Bc4 Bb7 18. Rad1 Qe7 19. b4 Nd7 20. Ne4 Bxe4 21. Qxe4 {[#] aiming for Qd5.} Nf6 22. Qf5 Rad8 23. a3 Bb8 24. Bb3 h6 (24... a5 $14) 25. g3 a5 26. bxa5 bxa5 27. Rxd8 Rxd8 28. Rd1 Rxd1+ 29. Bxd1 Qd7 30. Qc2 g6 31. Bf3 Bd6 32. Qc4 Qc7 33. Qb5 Qb8 34. Bb7 Ne4 35. a4 {The position is equal.} Nc5 $1 36. Bc6 Qxb5 37. Bxb5 Kf8 38. Bc3 {Precision: White = 37%, Black = 67%.} 1/2-1/2

[Event "Summer Chess Classic B 2018"]
[Site "Saint Louis"]
[Date "2018.05.17"]
[Round "3"]
[White "Belous, Vladimir"]
[Black "Ramirez, Alejandro"]
[Result "0-1"]
[WhiteElo "2585"]
[BlackElo "2572"]
[Annotator "TA"]
[PlyCount "78"]
[EventDate "2018.??.??"]
[EventType "tourn"]
[EventCountry "USA"]
[SourceTitle "playchess.com"]
[Source "ChessBase"]
[SourceQuality "1"]

{[%evp 9,78,47,54,48,56,71,129,140,141,147,150,150,130,133,127,127,145,90,109,87,95,74,70,63,65,50,108,101,100,104,183,0,0,-105,143,102,130,93,91,112,102,89,133,56,44,58,60,51,65,67,72,60,77,0,0,-113,-128,-120,-128,-174,-182,-466,-371,-776,-763,-762,-675,-574,-587,-1840,-1308]} 1. d4 e6 2. c4 b6 3. e4 Bb7 4. f3 d5 (4... g6 5. Nc3 d6 6. Bd3 Qh4+ 7. g3 Qf6 8. Be3 Bh6 9. f4 Qe7 10. Nf3 f5 11. O-O Nf6 12. exf5 exf5 {½-½ (64) Onischuk,A (2672)-Short,N (2698) Poikovsky 2012}) 5. cxd5 exd5 {LiveBook: 3 Games} 6. Nc3 {A40: Unusual replies to 1 d4} dxe4 7. fxe4 Ne7 $146 (7... Nf6 $142) ({Predecessor:} 7... Nf6 8. Bd3 c5 9. d5 a6 10. a4 Bd6 11. Nf3 Nbd7 12. O-O {0-1 (51) Rosanov,L (2195)-Karasev,V (2350) Moscow 1996}) 8. Bc4 $16 {Hoping for Qb3.White is better.} Ng6 9. Qb3 Qd7 10. Nge2 Ba6 11. O-O Bxc4 12. Qxc4 c6 13. Bf4 (13. Be3 $142) 13... b5 14. Qb3 a5 15. a4 b4 16. Bxb8 Rxb8 17. e5 Rc8 (17... Rd8 $1 $14) 18. Ne4 Qd5 19. Qh3 Ra8 (19... Qe6 $16 {was worth a try.}) 20. Ng5 $2 (20. N4g3 $1 $18) 20... Be7 $11 21. Nxh7 (21. Nxf7 $11 O-O 22. Nd6) 21... Qe6 $2 (21... Nh4 $17 {keeps the pressure on.} 22. g3 Rxh7 23. gxh4 Rxh4) 22. Qh5 $1 $16 {Nf4 is the strong threat.} Kd7 23. Rac1 Kc7 24. Ng3 $1 Qd5 25. Nf5 Rae8 26. Nd6 (26. Kh1 $16) 26... Qxd4+ 27. Kh1 {aiming for Nb5+.} Bxd6 28. exd6+ Kb6 $1 29. Rfd1 $1 {White wants to mate with Rxc6+!} Qe5 30. Qf3 $1 {[%csl LRc6,LRf7]} c5 31. d7 (31. Qxf7 $16 Rxh7 32. Qc7+ Ka6 33. Qc6+ Ka7 34. Qxc5+ Qxc5 35. Rxc5) 31... Rxh7 $11 {[%csl Gh7][%cal Re5h2]} 32. g3 (32. h3 $11 {was the only way to keep the balance.} Rd8 33. Qd3 (33. Qxf7 $2 Qe4 $19)) 32... Rd8 $17 {And now ...Rh5 would win.} (32... Qxb2 33. Qc6+ $1 {[%mdl 512]} Kxc6 34. dxe8=Q+ Kc7 35. Qxf7+ Kc8 36. Rxc5+ Kb8 37. Rd8#) 33. Rd5 {[#]} Rxh2+ $1 {[%mdl 512]} 34. Kxh2 Qxb2+ $40 {[%mdl 128] Black goes for the king.} 35. Kh3 $2 {[#]} (35. Kg1 Qxc1+ 36. Rd1) 35... Ne5 $1 $19 ({Not} 35... Qxc1 36. Rd6+ Ka7 {[#]} 37. Ra6+ $1 {[%mdl 512]} Kxa6 38. Qc6+ Ka7 39. Qc7+ Ka6 40. Qc6+ Ka7 41. Qc7+ Ka6 42. Qc6+ $11) 36. Rd6+ $2 (36. Qh5 Qxc1 37. Qxe5 Qh6+ 38. Kg2) 36... Kc7 {( -> ...Rh8+). Black is clearly winning.} 37. Rxc5+ Kxd6 38. Qd5+ Ke7 {[%cal Rd8h8]} 39. Rc8 {intending Qc5+.} Nxd7 {Precision: White = 47%, Black = 67%.} 0-1

[Event "Summer Chess Classic B 2018"]
[Site "Saint Louis"]
[Date "2018.05.17"]
[Round "3"]
[White "Friedel, Joshua"]
[Black "Dragun, Kamil"]
[Result "1/2-1/2"]
[WhiteElo "2562"]
[BlackElo "2591"]
[Annotator "TA"]
[PlyCount "129"]
[EventDate "2018.??.??"]
[EventType "tourn"]
[EventCountry "USA"]
[SourceTitle "playchess.com"]
[Source "ChessBase"]
[SourceQuality "1"]

{[%evp 22,129,-28,-37,-25,-35,14,7,-14,-28,-32,-37,-25,-29,-31,-33,-41,-62,-45,-48,-31,-61,-61,-63,-56,-120,-129,-137,-129,-159,-27,-19,0,0,0,0,0,-1,-6,0,0,0,-14,-8,-8,-8,-8,-8,-8,-7,5,10,22,36,22,0,0,0,0,0,0,0,9,9,10,10,18,3,3,3,3,3,3,0,0,0,0,0,0,0,0,0,0,0,0,0,0,0,0,0,0,0,0,0,0,0,0,0,0,0,0,0,0,0,0,0,0,0,0,0]} 1. Nf3 Nf6 2. g3 b6 3. Bg2 Bb7 4. O-O c5 5. d3 d5 6. Nbd2 e6 7. e4 Be7 8. Qe2 O-O 9. e5 Nfd7 10. Re1 Nc6 11. h4 Qc7 12. Nf1 Rfc8 {C00: French: Unusual White 2nd moves} (12... Rac8 13. Bf4 Rfe8 14. N1h2 d4 15. h5 Nb4 16. h6 g6 17. Ng4 c4 18. Nxd4 Bxg2 19. Kxg2 cxd3 20. cxd3 {1-0 (50) Zablotsky,S (2533)-Yanchenko,R (2384) Vladivostok 2015}) 13. Bf4 d4 $146 ({Predecessor:} 13... b5 14. Ne3 Nb6 15. Ng4 Qd8 16. h5 h6 17. Qd2 Rc7 18. c3 Rac8 19. Rac1 b4 20. cxb4 Nxb4 {½-½ (44) Andersen,J (2303)-Neumann,B (2387) ICCF email 2015}) 14. h5 h6 15. N1d2 Nb4 16. Nc4 Nd5 17. Bd2 Rab8 $36 {[%mdl 2048] Black has some pressure.} 18. a4 a6 {[%cal Ba7a6,Ba6b5][%mdl 32]} 19. c3 dxc3 20. bxc3 Ba8 21. Nh2 b5 $1 22. axb5 axb5 23. Nd6 ({Better is} 23. Na3 $15) 23... Bxd6 $17 24. exd6 Qxd6 25. Ng4 Qf8 (25... b4 $17 26. cxb4 cxb4) 26. c4 $11 bxc4 27. dxc4 N5f6 28. Nxf6+ Nxf6 29. Bf4 Rb4 30. Bxa8 Rxa8 {[#]} 31. Bd6 $1 {[%mdl 512]} Qc8 (31... Qxd6 32. Rxa8+) 32. Rxa8 Qxa8 33. Bxc5 Ra4 34. Bd4 Ra2 35. Qe5 Kh7 (35... Rc2 {feels hotter.} 36. Qb5 Rd2 37. Bxf6 gxf6 38. Qb4 Qa2) 36. Qc7 Qa5 37. Qxa5 Rxa5 {[%mdl 4096] Endgame KRB-KRN} 38. Rc1 {The position is equal.} Nxh5 39. c5 {[%cal Bc4c5,Bc5c6][%mdl 32]} Ra8 40. c6 Rc8 41. c7 Kg6 42. Be5 Nf6 43. Rb1 {[#] And now Rb8 would win.} Nd5 44. Rb8 (44. Rb7 {is more complex.} h5 45. f4 f6 46. Bd6 Kh6 47. Rb8) 44... Rxc7 45. Bxc7 Nxc7 {KR-KN} 46. Kg2 h5 47. f4 Nd5 48. Kf3 Kf6 49. Rb7 g6 50. Ra7 Ne7 51. Rb7 Nf5 52. Ra7 Nh6 53. Ra6 Ng4 54. Ra7 e5 55. fxe5+ Nxe5+ 56. Ke4 {Hoping for Ra6+.} Ng4 57. Kf4 g5+ 58. Ke4 Kg6 59. Ra6+ f6 60. Ra8 Nh6 61. Rb8 Nf5 62. Kf3 Nh6 63. Ke4 Nf5 64. Kf3 Nh6 65. Ke4 {Precision: White = 66%, Black = 67%.} 1/2-1/2

[Event "Summer Chess Classic B 2018"]
[Site "Saint Louis"]
[Date "2018.05.17"]
[Round "3"]
[White "Aghasaryan, Robert"]
[Black "Matsenko, Sergei"]
[Result "1/2-1/2"]
[WhiteElo "2532"]
[BlackElo "2563"]
[Annotator "TA"]
[PlyCount "39"]
[EventDate "2018.??.??"]
[EventType "tourn"]
[EventCountry "USA"]
[SourceTitle "playchess.com"]
[Source "ChessBase"]
[SourceQuality "1"]

{[%evp 24,39,0,0,0,0,0,-26,0,0,0,0,0,0,0,0,0,0]} 1. Nf3 Nf6 2. c4 e6 3. g3 d5 4. d4 dxc4 5. Bg2 a6 6. O-O Nc6 7. e3 Rb8 8. Nfd2 e5 {E04: Open Catalan: 5 Nf3} 9. Bxc6+ bxc6 10. dxe5 Ng4 11. Nxc4 Be6 12. Qxd8+ Rxd8 13. Nbd2 {LiveBook: 5 Games} Bb4 14. b3 h5 {[#]} 15. h4 $146 ({Predecessor:} 15. f3 Bxd2 16. Nxd2 Nxe3 {0-1 (59) Ding,L (2777)-Mamedyarov,S (2799) Huaian 2017}) 15... O-O (15... g5 $5) 16. Nf3 {The position is equal.} Bd5 17. Nfd2 Be6 18. Nf3 Bd5 19. Nfd2 Be6 20. Nf3 1/2-1/2

[Event "Summer Chess Classic B 2018"]
[Site "Saint Louis"]
[Date "2018.05.17"]
[Round "3"]
[White "Ali Marandi, Cemil Can"]
[Black "Stukopin, Andrey"]
[Result "1/2-1/2"]
[WhiteElo "2521"]
[BlackElo "2580"]
[Annotator "TA"]
[PlyCount "61"]
[EventDate "2018.??.??"]
[EventType "tourn"]
[EventCountry "USA"]
[SourceTitle "playchess.com"]
[Source "ChessBase"]
[SourceQuality "1"]

{[%evp 25,61,11,9,0,0,0,0,0,2,8,8,0,0,0,0,0,-2,-6,0,0,0,0,0,0,0,0,0,-6,0,0,0,0,0,-7,0,-12,0,0]} 1. Nf3 Nf6 2. g3 g6 3. b3 Bg7 4. Bb2 b6 5. Bg2 Bb7 6. O-O O-O 7. c4 c5 8. Nc3 Nc6 9. d4 Nxd4 10. Nxd4 Bxg2 11. Kxg2 cxd4 12. Qxd4 d5 {A30: Symmetrical English: Double Fianchetto and Hedgehog} (12... d6 13. e4 a6 14. Nd5 Rb8 15. a4 Qd7 16. Rfd1 Qb7 17. Rd2 Rfc8 18. Kg1 Rc5 19. Re1 Rbc8 20. Qe3 Nxd5 21. exd5 Bxb2 22. Rxb2 {1-0 (36) Artemiev,V (2692)-Andreikin,D (2708) Sochi 2017}) 13. cxd5 e6 {[%cal Rf6d5] LiveBook: 3 Games. The position is equal.} 14. Rad1 Nxd5 15. Qd3 Nxc3 (15... Rc8 {with more complications.} 16. Nxd5 Bxb2 17. Ne3 Qc7 18. Qd7 Qb8) 16. Bxc3 Qxd3 17. Rxd3 Rfc8 18. Bxg7 (18. Bd2 {looks sharper.} Kf8 19. Rd7 Ke8 20. Rb7 Rcb8 21. Rc7) 18... Kxg7 $11 {[%mdl 4096] Endgame KRR-KRR} 19. Rfd1 Rc2 20. R1d2 Rac8 21. h4 $146 ({Predecessor:} 21. Rd7 Rxd2 22. Rxd2 Rc7 {½-½ (22) Mundorf,J (2202)-Pfreundt,J (2211) Hannover 2015}) 21... h5 22. e3 Kf6 23. Kf3 Rxd2 (23... b5 {is interesting.} 24. Ke2 a5 25. Rd6 b4 26. Ra6 R8c5) 24. Rxd2 {KR-KR} Ke7 25. Ke2 Rc7 26. Kf3 e5 27. e4 Ke6 28. Ke3 Rc1 29. Kd3 Kd6 30. Rc2 Rxc2 31. Kxc2 {Precision: White = 66%, Black = 53%.} 1/2-1/2

[Event "Summer Chess Classic B 2018"]
[Site "Saint Louis"]
[Date "2018.05.17"]
[Round "3"]
[White "Abrahamyan, Tatev"]
[Black "Saduakassova, Dinara"]
[Result "0-1"]
[WhiteElo "2354"]
[BlackElo "2484"]
[Annotator "TA"]
[PlyCount "94"]
[EventDate "2018.??.??"]
[EventType "tourn"]
[EventCountry "USA"]
[SourceTitle "playchess.com"]
[Source "ChessBase"]
[SourceQuality "1"]

{[%evp 25,94,0,17,0,2,-8,-8,-8,-8,-8,-8,-8,-6,-8,0,0,0,10,22,-20,-29,-53,-64,-108,-40,-77,-78,-154,-163,-263,-266,-259,-262,-251,-241,-250,-246,-268,-268,-247,-255,-444,-444,-444,-444,-403,-395,-555,-533,-981,-678,-1920,-1587,-5369,-5165,-5616,-5101,-5101,-4133,-2097,-1417,-5101,-5093,-5093,-5065,-12795,-11624,-6047,-6047,-29977,-29978]} 1. e4 c5 2. Nf3 Nc6 3. d4 cxd4 4. Nxd4 g6 5. Nc3 Bg7 6. Be3 Nf6 7. Bc4 Qa5 8. O-O O-O 9. Bb3 d6 10. h3 Bd7 11. f4 Nxd4 12. Bxd4 Bc6 13. Qd3 Rad8 14. Nd5 {B35: Sicilian: Accelerated Dragon with 5 Nc3: main line} (14. Rad1 Nd7 15. Bxg7 Kxg7 16. Kh1 Nc5 17. Qd4+ e5 18. fxe5 Nxb3 19. axb3 dxe5 20. Qf2 f5 21. b4 Qxb4 22. Rxd8 Rxd8 23. exf5 g5 {½-½ (34) Mamedov,R (2642)-Guseinov,G (2610) Baku 2015}) 14... e5 15. Ne7+ Kh8 16. Nxc6 {The position is equal.} bxc6 17. Bc3 Qc5+ 18. Kh1 $146 ({Predecessor:} 18. Kh2 d5 19. Bxe5 Nxe4 20. Bxg7+ Kxg7 21. c3 Rfe8 22. Rae1 Nd6 23. Ba4 Nf5 24. b4 {½-½ (24) Marholev,D (2401)-Paci,C (2301) Marianske Lazne 2008}) 18... d5 $36 {[%mdl 2048] Black has good play.} 19. exd5 e4 20. Qd4 Qxd4 21. Bxd4 {With the idea Bc5.} Nxd5 22. Bxa7 Bxb2 23. Rab1 Bc3 24. f5 g5 (24... Rfe8 $17 25. Bc4 e3) 25. Bc4 Rfe8 26. Rb3 {[#]} ({White should try} 26. Rfd1) 26... e3 $1 $17 {[%cal Re3e2] ...e2 is the strong threat.} 27. Be2 {[#]} ({But not} 27. Bxd5 e2) (27. Rd1 {is a better defense.}) 27... Nf4 $1 $19 {[%cal Rf4e2]} 28. Rxc3 {Black must now prevent Re1.} Nxe2 29. Rxe3 Rxe3 30. Bxe3 {[%mdl 4096] Endgame KRB-KRN} Ng3+ 31. Kg1 Nxf1 32. Kxf1 {KR-KB} f6 33. Ke2 $2 (33. a3) 33... Ra8 34. Bd4 Kg7 35. Kd3 Rxa2 36. g4 (36. Bc3 $142) 36... Ra3+ 37. c3 Ra2 38. Kc4 Rh2 39. Kc5 Rxh3 40. Kd6 {[#]} c5 $1 41. Kxc5 (41. Bxc5 Rxc3) 41... h5 42. gxh5 g4 {[%cal Bg5g4,Bg4g3,Bg3g2][%mdl 32]} 43. Kd5 g3 44. Ke6 g2 45. Bxf6+ Kf8 46. Bd4 {[#]} Rxc3 $1 {[%mdl 512]} 47. h6 (47. Bxc3 g1=Q) 47... Rc6+ {Precision: White = 17%, Black = 84%.} 0-1

[Event "Summer Chess Classic B 2018"]
[Site "Saint Louis"]
[Date "2018.05.18"]
[Round "4"]
[White "Dragun, Kamil"]
[Black "Aghasaryan, Robert"]
[Result "1/2-1/2"]
[WhiteElo "2591"]
[BlackElo "2532"]
[Annotator "TA"]
[PlyCount "61"]
[EventDate "2018.??.??"]
[EventType "tourn"]
[EventCountry "USA"]
[SourceTitle "playchess.com"]
[Source "ChessBase"]
[SourceQuality "1"]

{[%evp 26,61,0,-12,-6,-13,-17,-12,-16,-15,-12,-18,-22,-22,-23,-29,-17,-32,-19,-12,-15,-11,-8,-29,-37,-72,-43,-64,-50,-64,-71,-84,-90,-77,-69,-83,0,-16]} 1. d4 d5 2. c4 e6 3. Nc3 Be7 4. cxd5 exd5 5. Bf4 c6 6. Qc2 Nf6 7. h3 g6 8. e3 Bf5 9. Bd3 Bxd3 10. Qxd3 Nbd7 11. Nf3 O-O 12. O-O Re8 13. Rab1 a5 14. a3 {LiveBook: 6 Games. D35: Queen's Gambit Declined: Exchange Variation} a4 15. Qc2 $146 ({Predecessor:} 15. Bh2 Bf8 16. Qc2 b5 17. Rbe1 Rc8 18. Nd2 Nb6 19. Bg3 Nh5 20. Be5 Bd6 21. Bxd6 Qxd6 {½-½ (55) Houska,J (2421)-Koneru,H (2600) Antakya 2010}) 15... b5 16. Rfe1 Rc8 17. Rbd1 Bf8 18. Nd2 Nb6 19. Be5 Nfd7 {[%cal Bf6d7,Bd7b6,Bb6d5][%mdl 32]} 20. Bg3 Bg7 21. Nf3 Nc4 22. e4 dxe4 23. Nxe4 Ndb6 24. Ne5 f6 {[%cal Bf7f6,Bf6f5,Bf5f4,Bf4g3][%mdl 32]} 25. Ng4 {[#] Threatens to win with Nexf6+!} Nd5 {Strongly threatening ...f5.} 26. Nc5 f5 27. Ne5 f4 28. Nxc4 Rxe1+ 29. Rxe1 {Bh4 is the strong threat.} fxg3 30. Ne5 {[#]} Qh4 (30... Nf4 $1 $17 31. Re4 Bxe5 32. dxe5 Qg5) 31. Nf3 {Precision: White = 51%, Black = 82%.} 1/2-1/2

[Event "Summer Chess Classic B 2018"]
[Site "Saint Louis"]
[Date "2018.05.18"]
[Round "4"]
[White "Ramirez, Alejandro"]
[Black "Ali Marandi, Cemil Can"]
[Result "1/2-1/2"]
[WhiteElo "2572"]
[BlackElo "2521"]
[Annotator "TA"]
[PlyCount "62"]
[EventDate "2018.??.??"]
[EventType "tourn"]
[EventCountry "USA"]
[SourceTitle "playchess.com"]
[Source "ChessBase"]
[SourceQuality "1"]

{[%evp 30,62,0,-4,0,0,6,0,0,0,0,-2,-7,-7,0,-4,0,0,0,-3,-1,-4,-1,-4,0,0,0,0,0,0,0,0,0,0,0]} 1. e4 e6 2. d4 d5 3. exd5 exd5 4. Nf3 Bd6 5. Bd3 Nf6 6. O-O O-O 7. Bg5 Bg4 8. Nbd2 Nbd7 9. c3 c6 10. Qc2 Qc7 11. Rae1 Rae8 12. Bh4 {C01: French: Exchange Variation} Bh5 13. Bg3 Bxg3 14. hxg3 Bg6 (14... Bxf3 15. Nxf3 g6 16. Rxe8 Rxe8 17. Re1 Kf8 18. Qd2 Rxe1+ 19. Qxe1 Qd8 {½-½ (59) Wiewiora,E (2320)-Saric,A (2540) Katowice 2017}) 15. Rxe8 Rxe8 16. Re1 {LiveBook: 3 Games. The position is equal.} Rxe1+ 17. Nxe1 Qd8 $146 ({Predecessor:} 17... Qd6 18. Bxg6 hxg6 19. Nd3 Qe6 {1-0 (37) Najjar,A (2255)-Sulaiman,A (1883) Ashkhabad 2017}) 18. Qd1 Bxd3 19. Nxd3 Qe7 20. Qe1 Qxe1+ 21. Nxe1 $11 {[%mdl 4096] Endgame KNN-KNN} Kf8 22. f3 Ne8 23. Nd3 Nd6 24. Kf2 h5 25. Nf1 Ke7 26. Ne3 g6 27. g4 hxg4 28. Nxg4 Nf6 29. Nxf6 Kxf6 30. Ke2 Ke7 31. Kf2 Kf6 1/2-1/2

[Event "Summer Chess Classic B 2018"]
[Site "Saint Louis"]
[Date "2018.05.18"]
[Round "4"]
[White "Matsenko, Sergei"]
[Black "Belous, Vladimir"]
[Result "1-0"]
[WhiteElo "2563"]
[BlackElo "2585"]
[Annotator "TA"]
[PlyCount "63"]
[EventDate "2018.??.??"]
[EventType "tourn"]
[EventCountry "USA"]
[SourceTitle "playchess.com"]
[Source "ChessBase"]
[SourceQuality "1"]

{[%evp 20,63,31,33,94,84,95,93,87,95,99,101,114,125,129,117,120,123,124,116,142,129,129,124,122,120,131,137,141,131,164,170,208,189,230,239,317,297,322,304,388,391,359,270,359,362]} 1. Nf3 Nf6 2. c4 e6 3. g3 d5 4. Bg2 dxc4 5. Qa4+ Nbd7 6. Qxc4 a6 7. Qc2 c5 8. O-O b5 9. a4 Bb7 10. Nc3 {A13: English Opening: 1...e6} b4 (10... Qb6 11. d3 Be7 12. axb5 axb5 13. Rxa8+ Bxa8 14. Qb3 Nd5 15. Bg5 Nxc3 16. Qxc3 f6 17. Bd2 O-O 18. Ra1 Bb7 19. Ne1 Bxg2 20. Nxg2 {1-0 (53) Aronian,L (2797)-Wojtaszek,R (2744) Beijing 2014}) 11. Nd1 {LiveBook: 9 Games} c4 $146 (11... Rc8 $14) ({Predecessor:} 11... Bd6 12. d3 O-O 13. Ne3 e5 14. Nc4 Bc7 15. Bg5 Re8 16. Nfd2 Bxg2 17. Kxg2 h6 18. Bxf6 Qxf6 {1-0 (49) Bachmann,A (2629)-Nabaty,T (2579) Caleta 2015}) 12. Ne3 $16 {White is better.} Be4 13. Qxc4 Rc8 14. Qb3 (14. Qxa6 $6 Rc6 $11) 14... Nc5 {[#]} 15. Qd1 $1 ({Reject} 15. Qxb4 Rb8 $14) 15... Be7 16. d3 Ba8 17. a5 O-O 18. Bd2 Rb8 19. Nc4 Rb5 20. Be3 Nd5 21. Bxc5 Rxc5 22. Nfd2 {[%cal Bf3d2,Bd2b3,Bb3c5][%mdl 32]} Nf6 23. Bxa8 Qxa8 24. Nb3 Rh5 25. e4 {aiming for e5.} e5 26. Nb6 Qe8 27. Rc1 Bd8 28. Nc5 Rh6 29. Qa4 ({Less strong is} 29. Nxa6 Qb5 $16) 29... Ng4 30. Qxe8 Rxe8 31. f3 ({Weaker is} 31. Nxa6 Bxb6 32. axb6 Rxb6 $16) 31... Nf6 32. Rc4 {Precision: White = 92%, Black = 52%.} 1-0

[Event "Summer Chess Classic B 2018"]
[Site "Saint Louis"]
[Date "2018.05.18"]
[Round "4"]
[White "Saduakassova, Dinara"]
[Black "Stukopin, Andrey"]
[Result "1/2-1/2"]
[WhiteElo "2484"]
[BlackElo "2580"]
[Annotator "TA"]
[PlyCount "115"]
[EventDate "2018.??.??"]
[EventType "tourn"]
[EventCountry "USA"]
[SourceTitle "playchess.com"]
[Source "ChessBase"]
[SourceQuality "1"]

{[%evp 25,115,-40,40,12,11,11,45,38,54,6,64,62,62,57,70,68,75,53,71,38,47,32,25,0,20,0,0,9,29,-2,0,0,32,15,51,56,66,66,112,93,114,116,148,94,104,18,122,87,74,92,90,0,0,0,0,0,14,16,2,10,543,0,0,-181,97,0,0,-131,-126,-183,107,87,148,127,108,119,150,88,139,0,0,0,115,0,140,0,110,0,154,0,105,0]} 1. d4 Nf6 2. c4 e6 3. Nf3 d5 4. g3 Bb4+ 5. Bd2 Be7 6. Bg2 c6 7. Qc2 Nbd7 8. O-O O-O 9. Bf4 a5 10. Rd1 {E08: Katalanisch} Nh5 11. Bc1 b5 12. Ne5 Bb7 13. c5 f5 {LiveBook: 4 Partien} (13... Nxe5 $15 14. dxe5 g5) 14. Nxd7 Qxd7 15. Nd2 {[%cal Bb1d2,Bd2f3,Bf3e5][%mdl 32] [#]} Bc8 $146 ({Vorgänger:} 15... Qc7 16. Nf3 Bf6 17. Bg5 Rae8 {½-½ (37) Gelfand,B (2720)-Kamsky,G (2723) Sochi 2008}) 16. Nf3 Qc7 17. Bg5 Nf6 (17... Bxg5 $11 18. Nxg5 e5) 18. Bf4 $14 Qd8 19. Ne5 Bd7 20. Nd3 Be8 21. Rac1 Ne4 22. f3 Ng5 23. Nf2 Bh5 24. Re1 Nf7 25. e4 fxe4 26. fxe4 Bf6 27. exd5 exd5 28. Qd2 Ng5 29. Rc3 Ne4 30. Nxe4 dxe4 31. Bd6 $1 Bg5 32. Qc2 $1 b4 33. Rb3 Bf6 34. Rxe4 (34. Bxf8 $142 {Droht stark Ld6.} Qxd4+ 35. Kh1 Rxf8 36. Bxe4) 34... Bg6 $16 {Weiss sollte ...Lxd4+! verhindern.} 35. Qc4+ ({Doch nicht} 35. Bxf8 $6 Qxd4+ 36. Rxd4 Bxd4+ 37. Qf2 Bxf2+ 38. Kxf2 Rxf8+ 39. Rf3 Rd8 $11) (35. Rd3 $16) 35... Kh8 (35... Bf7 $11 36. Qc2 Bg6) 36. Re1 Bf7 37. d5 $36 {[%mdl 2048] Weiss ist am Drücker.} Re8 38. Rbe3 (38. Rf1 $16) 38... Rxe3 $11 39. Rxe3 Bxb2 40. Re7 Bg8 41. Qd3 cxd5 $1 42. Bxd5 a4 $2 {[%mdl 8192]} (42... Rc8 $1 $11) 43. Re2 $2 (43. Bxa8 $18 Qxa8 44. Qe4 Qxe4 45. Rxe4) 43... a3 44. Rf2 $2 ({Falsch wäre} 44. Bxa8 $2 Qxa8 45. Qe4 Qxe4 $19) (44. Kg2 $11 {und Weiss steht sicher.}) 44... Bf6 $2 (44... b3 $1 $19 45. Bxb3 Bxb3 46. Qxb3 Bd4) 45. Rf3 ({Natürlich nicht} 45. Bxa8 $6 Qxa8 46. h3 b3 $11) (45. Rf4 $1 $16 Bxd5 46. Qxd5) 45... Rc8 46. Bxg8 (46. Kf2 $11 {bleibt in der Remisbreite.}) 46... Qxg8 $17 47. Qd2 {[#]} (47. Qb3 $17) 47... b3 $2 (47... Ra8 $1 $19 {zielt auf ...b3! ab.} 48. Qc2 Re8) 48. Rxb3 $16 Bb2 (48... Re8 $142) 49. Qd3 Qe6 50. Kg2 h6 51. Qe3 (51. h4 $142) 51... Qf5 {[#]} ({Besser ist} 51... Qc4) 52. Rd3 (52. Qe2 $1 $16) 52... Qf7 $1 $11 {[%cal Rf7a2]} 53. Rb3 Qc4 (53... Qf5 $1 $11 {hält das Gleichgewicht.}) 54. Qd3 Qe6 55. Qe3 Qc4 56. Qd3 Qe6 57. Qe3 Qc4 58. Qd3 {Precision: Weiß = 28%, Schwarz = 24%.} ({Lieber} 58. Qf3 $16) 1/2-1/2

[Event "Summer Chess Classic B 2018"]
[Site "Saint Louis"]
[Date "2018.05.18"]
[Round "4"]
[White "Abrahamyan, Tatev"]
[Black "Friedel, Joshua"]
[Result "1/2-1/2"]
[WhiteElo "2354"]
[BlackElo "2562"]
[Annotator "TA RC"]
[PlyCount "45"]
[EventDate "2018.??.??"]
[EventType "tourn"]
[EventCountry "USA"]
[SourceTitle "playchess.com"]
[Source "ChessBase"]
[SourceQuality "1"]

{[%evp 31,45,0,0,0,0,0,0,0,0,0,0,0,0,0,0,0]} 1. e4 e5 2. Nf3 Nc6 3. Bc4 Bc5 4. O-O Nf6 5. d3 d6 6. c3 a6 7. Bb3 Ba7 8. Nbd2 {[%cal Bb1d2,Bd2f1,Bf1g3][%mdl 32]} O-O 9. h3 h6 10. Re1 Re8 11. Nf1 Be6 12. Ng3 Qd7 {C54: Italienische Partie (Hauptvariante)} (12... Bxb3 13. Qxb3 Qd7 14. Be3 Bxe3 15. Rxe3 d5 16. Rae1 dxe4 17. dxe4 Na5 18. Qc2 Rad8 19. b3 Nc6 20. R3e2 {½-½ (52) Harikrishna,P (2762)-Matlakov,M (2691) Germany 2017}) 13. Bc2 d5 14. Qe2 Rad8 15. Nh4 dxe4 16. dxe4 {[#]} Bxh3 $1 {[%mdl 512] LiveBook: 3 Partien. Die Stellung ist ausgeglichen.} 17. gxh3 Qxh3 18. Nhf5 $1 Ng4 19. Be3 Qh2+ 20. Kf1 $146 Qh3+ 21. Kg1 Qh2+ 22. Kf1 Qh3+ 23. Kg1 1/2-1/2